Điều kiện tối ưu cấp hai với hiện tượng giống bao hình : Luận văn tốt nghiệp Cao học. Chuyên ngành Toán giải tích
Thiết lập điều kiện tối ưu cấp 2 với hiện tượng giống bao hình với giả thiết là các ánh xạ trong dữ liệu và bài toán khả vi cấp 1 liên tục; nghiên cứu vấn đề này cho trường hợp ánh xạ khả vi chặt cấp 1...
Gespeichert in:
| 1. Verfasser: | |
|---|---|
| Format: | Buch |
| Sprache: | Undetermined |
| Veröffentlicht: |
Cần Thơ
Trường Đại học Cần Thơ
2016
|
| Schlagworte: | |
| Tags: |
Tag hinzufügen
Keine Tags, Fügen Sie den ersten Tag hinzu!
|
| Thư viện lưu trữ: | Trung tâm Học liệu Trường Đại học Cần Thơ |
|---|
| LEADER | 01123nam a2200205Ia 4500 | ||
|---|---|---|---|
| 001 | CTU_214488 | ||
| 008 | 210402s9999 xx 000 0 und d | ||
| 082 | |a 515.7 | ||
| 082 | |b Ng419 | ||
| 100 | |a Phạm, Lê Bạch Ngọc | ||
| 245 | 0 | |a Điều kiện tối ưu cấp hai với hiện tượng giống bao hình : | |
| 245 | 0 | |b Luận văn tốt nghiệp Cao học. Chuyên ngành Toán giải tích | |
| 245 | 0 | |c Phạm Lê Bạch Ngọc ; Phan Quốc Khánh (Cán bộ hướng dẫn) | |
| 260 | |a Cần Thơ | ||
| 260 | |b Trường Đại học Cần Thơ | ||
| 260 | |c 2016 | ||
| 520 | |a Thiết lập điều kiện tối ưu cấp 2 với hiện tượng giống bao hình với giả thiết là các ánh xạ trong dữ liệu và bài toán khả vi cấp 1 liên tục; nghiên cứu vấn đề này cho trường hợp ánh xạ khả vi chặt cấp 1 | ||
| 650 | |a Toán giải tích,Mathematical analysis | ||
| 904 | |i Nguyên | ||
| 980 | |a Trung tâm Học liệu Trường Đại học Cần Thơ | ||